000 01242nam a22003617a 4500
003 CHAP
005 20220817044119.0
008 060807d2005 it rn 00110 eng d
010 _a92510
011 _a93482
020 _a250054343
035 _a104056
040 _cCHAP
082 0 4 _a639.2
_bF46
110 2 _aFAO
245 1 0 _aReport of the meeting of the planning group for the coordination of acoustic surveys off northwest Africa (2o.)
_c/by FAO
260 _aRome :
_bFAO,
_c2003.
300 _a58 p. :
_bilus. ; gráfs.
490 0 _aFAO. Informe de pesca
_v; 768
500 _aEd. bilingue : inglés y francés
590 _aBATCH-UPD
_b10
_c20130110
_lUCH01
_h0536
590 _aBATCH-UPD
_b10
_c20130410
_lUCH01
_h0216
590 _aBATCH-UPD
_b10
_c20130914
_lUCH01
_h1349
590 _aCONVERSION
_b10
_c20130109
_lUCH01
_h1351
650 1 4 _aPesca
_xAfrica.
_987354
650 1 4 _aPesquería
_xAfrica.
_987498
830 0 _aFAO. Informe de pesca
_v; 768
_939587
901 _aBK
905 _aAlejandra Carrasco M.
942 _cLIBRO
949 _a639.2 F46 v. 768
_bBC
_cFAO
_d33724000992822
_eFAO1
_gDonaciØn
_h107778
_i104056
_sb
949 _a639.2 F46 v. 768
_bBC
_cFAO
_d33724000994935
_eFAO2
_fc.2
_gDonaciØn
_h108249
_i104056
_sb
999 _c92510
_d92510